| 000 | 00584nam a22001697a 4500 | ||
|---|---|---|---|
| 003 | OSt | ||
| 005 | 20140311163157.0 | ||
| 008 | 140226t xxu||||| |||| 00| 0 eng d | ||
| 020 | _a0944583024 | ||
| 050 |
_aLB 1590.3 _b.P324 1995 |
||
| 100 |
_aPaul, Richard _930681 |
||
| 245 |
_aCritical thinking handbook, 6th-9th grades : _ba guide for remodelling lesson plans in language arts, social studies & science / _cRichard Paul. |
||
| 260 |
_aCalifornia : _bCenter for Critical Thinking and Moral Critique, _c1995. |
||
| 300 |
_a328 p. : _c28 cm. |
||
| 942 |
_2lcc _cBK-TR |
||
| 999 |
_c42402 _d42402 |
||